Aptitude for destruction (Record no. 95603)
[ view plain ]
| 000 -LEADER | |
|---|---|
| fixed length control field | 01733nam a22003974a 4500 |
| 082 04 - DEWEY DECIMAL CLASSIFICATION NUMBER | |
| Classification number | 303.6/25 |
| 100 1# - MAIN ENTRY--AUTHOR NAME | |
| Personal name | Jackson, Brian A., |
| 245 10 - TITLE STATEMENT | |
| Title | Aptitude for destruction |
| 260 ## - PUBLICATION, DISTRIBUTION, ETC. (IMPRINT) | |
| Place of publication | Santa Monica, CA : |
| Name of publisher | RAND Corporation, |
| Year of publication | 2005- |
| 300 ## - PHYSICAL DESCRIPTION | |
| Number of Pages | v. <2> : |
| Other physical details | ill. |
| 500 ## - GENERAL NOTE | |
| General note | "Prepared for the National Institute of Justice." |
| General note | "MG-331-NIJ"--V. 1, p. [4] of cover. |
| General note | "MG-332-NIJ"--V. 2, p. [4] of cover. |
| 505 1# - FORMATTED CONTENTS NOTE | |
| Formatted contents note | v. 1. Organizational learning in terrorist groups and its implications for combating terrorism -- v. 2. Case studies of organizational learnings in five terrorist groups |
| 650 #0 - SUBJECT ADDED ENTRY--TOPICAL TERM | |
| Topical Term | Terrorists. |
| Topical Term | Organizational learning. |
| Topical Term | Terrorism |
| 700 1# - ADDED ENTRY--PERSONAL NAME | |
| Personal name | Baker, John C., |
| 856 40 - ELECTRONIC LOCATION AND ACCESS | |
| Uniform Resource Identifier | http://site.ebrary.com/lib/rucke/Doc?id=10152600 |
No items available.
